[Event "17th Asian-ch"]
[Site "Xingtai CHN"]
[Date "2019.06.11"]
[Round "5.9"]
[White "Chanda, Sandipan"]
[Black "Le Quang Liem"]
[Result "0-1"]
[WhiteElo "2511"]
[BlackElo "2694"]
[EventDate "2019.06.07"]
[PlyCount "122"]

1.d4 Nf6 2.c4 e6 3.g3 d5 4.Bg2 dxc4 5.Nf3 Bb4+ 6.Bd2 a5 7.e3 O-O 8.Ne5 c5 
9.a3 Bxd2+ 10.Nxd2 cxd4 11.exd4 Ra6 12.O-O Qxd4 13.Ndxc4 Qc5 14.Qe2 Qe7 
15.Rac1 Nd5 16.Ne3 Nd7 17.Nxd7 Qxd7 18.Rcd1 Rd6 19.Nc4 Qb5 20.Qe5 Rdd8 21.
Nd6 Qc5 22.Nxc8 Rxc8 23.Bxd5 Rfd8 24.Rfe1 exd5 25.Rd2 Qb5 26.Red1 Rc5 27.
b4 axb4 28.axb4 Qxb4 29.Qe7 Rf8 30.Rc2 Qg4 31.Rxc5 Qxd1+ 32.Kg2 Qd4 33.Rc7
b6 34.Rb7 Qc5 35.Qxc5 bxc5 36.Rd7 Rc8 37.Rxd5 c4 38.Rd2 h5 39.Kf3 Kh7 40.
Rc2 Kg6 41.Ke4 Kg5 42.h3 c3 43.Ke5 f6+ 44.Ke6 h4 45.f4+ Kg6 46.g4 Re8+ 47.
Kd5 Re3 48.Rh2 f5 49.Kd4 Rg3 50.g5 Rf3 51.Ke5 Re3+ 52.Kd5 Rd3+ 53.Ke5 Rd2 
54.Rh1 Re2+ 55.Kd6 Re4 56.Rf1 c2 57.Rc1 Rxf4 58.Rxc2 Rf3 59.Ke5 Kxg5 60.
Rh2 Re3+ 61.Kd4 Kf4 0-1

[Event "17th Asian-ch"]
[Site "Xingtai CHN"]
[Date "2019.06.11"]
[Round "5.12"]
[White "Sankalp, Gupta"]
[Black "Gupta, Abhijeet"]
[Result "0-1"]
[WhiteElo "2359"]
[BlackElo "2606"]
[EventDate "2019.06.07"]
[PlyCount "62"]

1.e4 c5 2.Nf3 d6 3.d4 cxd4 4.Nxd4 Nf6 5.Nc3 a6 6.Bg5 Nbd7 7.Qe2 h6 8.Bh4 
b5 9.f4 g5 10.fxg5 hxg5 11.Bxg5 Bb7 12.O-O-O e6 13.a3 Rc8 14.Qe1 Rxc3 15.
Qxc3 Nxe4 16.Bxd8 Bh6+ 17.Kb1 Nxc3+ 18.bxc3 Kxd8 19.Nf3 Ke7 20.c4 Nc5 21.
cxb5 Ne4 22.Rd3 Nf2 23.bxa6 Bd5 24.Rxd5 exd5 25.Rg1 Rb8+ 26.Ka2 Ne4 27.Bd3
Nc3+ 28.Ka1 Bg7 29.Re1+ Kd8 30.a4 Nxa4+ 31.Ka2 Bb2 0-1

[Event "17th Asian-ch"]
[Site "Xingtai CHN"]
[Date "2019.06.11"]
[Round "5.13"]
[White "Vishnu Prasanna, Vasanthan"]
[Black "Aryan Chopra"]
[Result "1/2-1/2"]
[WhiteElo "2511"]
[BlackElo "2553"]
[EventDate "2019.06.07"]
[PlyCount "67"]

1.e4 c5 2.Nf3 d6 3.d4 cxd4 4.Nxd4 Nf6 5.Nc3 a6 6.Qd3 Nbd7 7.Be2 e5 8.Nf5 
Nc5 9.Qf3 g6 10.Nh6 Be6 11.Bg5 Be7 12.h4 Rc8 13.O-O-O Rf8 14.g3 b5 15.Bxf6
Bxf6 16.Ng4 Be7 17.Nh6 Qa5 18.Kb1 Na4 19.Nxa4 Qxa4 20.b3 Qb4 21.Qd3 f5 22.
exf5 gxf5 23.g4 e4 24.Qd4 Qxd4 25.Rxd4 fxg4 26.Bxg4 Bxg4 27.Nxg4 Rf4 28.
Ne3 Kf7 29.f3 Rxf3 30.Rxe4 Bf6 31.Rd1 Re8 32.Rxe8 Kxe8 33.Nd5 Kd7 34.Nxf6+
1/2-1/2

[Event "17th Asian-ch"]
[Site "Xingtai CHN"]
[Date "2019.06.11"]
[Round "5.14"]
[White "Idani, Pouya"]
[Black "Nguyen Duc Hoa"]
[Result "1-0"]
[WhiteElo "2597"]
[BlackElo "2436"]
[EventDate "2019.06.07"]
[PlyCount "73"]

1.e4 c5 2.Nf3 e6 3.d4 cxd4 4.Nxd4 Nc6 5.Nc3 Qc7 6.g3 a6 7.Bg2 Nf6 8.O-O 
Nxd4 9.Qxd4 Bc5 10.Bf4 d6 11.Qd2 h6 12.Rad1 e5 13.Be3 Be6 14.Bxc5 dxc5 15.
Nd5 Bxd5 16.exd5 Qd6 17.f4 O-O 18.fxe5 Qxe5 19.d6 Qxb2 20.d7 Rad8 21.Bh3 
b5 22.Qe2 Nh7 23.Rd6 Qxa2 24.Bf5 Qb2 25.Be4 Kh8 26.Qd2 a5 27.Qd3 c4 28.Qd5
Ng5 29.Bf5 a4 30.h4 Nh7 31.Be4 a3 32.Rxf7 Rxf7 33.Qxf7 Qe5 34.Re6 Qc5+ 35.
Kh2 a2 36.Re8+ Qf8 37.Qxf8+ 1-0

[Event "17th Asian-ch"]
[Site "Xingtai CHN"]
[Date "2019.06.11"]
[Round "5.16"]
[White "Vaibhav, Suri"]
[Black "Bersamina, Paulo"]
[Result "1-0"]
[WhiteElo "2599"]
[BlackElo "2446"]
[EventDate "2019.06.07"]
[PlyCount "85"]

1.c4 c5 2.Nf3 Nc6 3.Nc3 Nf6 4.e3 d5 5.cxd5 Nxd5 6.Bb5 Nxc3 7.bxc3 Bd7 8.
O-O a6 9.Be2 e6 10.Rb1 b5 11.c4 Be7 12.a3 bxc4 13.Qc2 O-O 14.Bb2 Na5 15.
Ne5 f6 16.Nxd7 Qxd7 17.Bc3 Nb7 18.Bxc4 Nd6 19.Ba2 Rfc8 20.a4 Rc6 21.d3 
Rac8 22.Rfd1 Kh8 23.Qe2 Nf7 24.Qh5 Bf8 25.h3 Kg8 26.a5 Nd6 27.Qg4 f5 28.
Qf4 Nb5 29.Be5 Kh8 30.Qa4 Bd6 31.Ba1 R6c7 32.Bc4 Rb7 33.Qb3 Rcb8 34.Bxe6 
Qe7 35.Qa2 f4 36.exf4 Bxf4 37.Bd5 Rd7 38.Re1 Qd6 39.Bc4 Re7 40.Rxe7 Qxe7 
41.g3 Bc7 42.Qd2 Re8 43.Bxb5 1-0

[Event "17th Asian-ch"]
[Site "Xingtai CHN"]
[Date "2019.06.11"]
[Round "5.17"]
[White "Yakubboev, Nodirbek"]
[Black "Vignesh, N. R."]
[Result "1-0"]
[WhiteElo "2587"]
[BlackElo "2459"]
[EventDate "2019.06.07"]
[PlyCount "107"]

1.d4 d5 2.c4 e6 3.Nf3 Nf6 4.g3 Bb4+ 5.Bd2 Be7 6.Bg2 O-O 7.O-O c6 8.Qc2 
Nbd7 9.Bf4 b6 10.Rd1 Bb7 11.Ne5 Nh5 12.Bd2 Nhf6 13.cxd5 cxd5 14.Nc6 Bxc6 
15.Qxc6 Rc8 16.Qb5 Ne8 17.Qd3 Nd6 18.b3 Nf6 19.Nc3 Qd7 20.e3 Nf5 21.Bf1 
Rfd8 22.a3 h5 23.f3 Bf8 24.Rdc1 g6 25.Nb5 Rxc1 26.Rxc1 a6 27.Nc3 a5 28.Nb5
Rc8 29.Rxc8 Qxc8 30.e4 Ng7 31.e5 Nfe8 32.g4 Be7 33.h3 Qc6 34.Qc3 Qxc3 35.
Bxc3 Kf8 36.Bd3 hxg4 37.hxg4 Bd8 38.Na7 Be7 39.a4 Bd8 40.b4 axb4 41.Bxb4+ 
Be7 42.Bxe7+ Kxe7 43.Nc8+ Kd7 44.Nxb6+ Kc6 45.a5 g5 46.Kf2 f6 47.exf6 Nxf6
48.Kg3 Kc7 49.f4 Ngh5+ 50.gxh5 Nxh5+ 51.Kg4 Nxf4 52.Bb5 Ng2 53.Kxg5 Ne1 
54.Kf4 1-0

[Event "17th Asian-ch"]
[Site "Xingtai CHN"]
[Date "2019.06.11"]
[Round "5.18"]
[White "Sengupta, Deep"]
[Black "Zhao Yuanhe"]
[Result "1-0"]
[WhiteElo "2559"]
[BlackElo "2444"]
[EventDate "2019.06.07"]
[PlyCount "102"]

1.c4 c6 2.e4 d5 3.exd5 cxd5 4.d4 Nf6 5.Nc3 Nc6 6.Bg5 dxc4 7.d5 Ne5 8.Bxc4 
Nxc4 9.Qa4+ Bd7 10.Qxc4 h6 11.Bh4 g6 12.Nf3 Bg7 13.O-O O-O 14.Rfe1 b5 15.
Qb3 a5 16.Rad1 b4 17.Ne2 Qb8 18.Ned4 Qb7 19.Nc6 Bxc6 20.dxc6 Qxc6 21.Ne5 
Qb7 22.Nxg6 a4 23.Nxe7+ Qxe7 24.Qf3 Qc5 25.Bxf6 Bxf6 26.Qxf6 Qg5 27.Qd4 
Rab8 28.Re5 Qg7 29.Qe3 b3 30.a3 Rbd8 31.Re1 Rd6 32.Qf4 Rg6 33.g3 Rg5 34.
Kg2 Rxe5 35.Rxe5 Rc8 36.h4 Rd8 37.Rh5 Rc8 38.Qf5 Rf8 39.Qf4 Rc8 40.Kh2 Rd8
41.Kh3 Rc8 42.Qf5 Rf8 43.Kg2 Kh8 44.Qf4 Kg8 45.Rb5 Ra8 46.Qe4 Qf8 47.Rb4 
Qd8 48.Rd4 Qa5 49.Qf3 Rd8 50.Qg4+ Kh8 51.Rxa4 Qd5+ 1-0

[Event "17th Asian-ch"]
[Site "Xingtai CHN"]
[Date "2019.06.11"]
[Round "5.20"]
[White "Laylo, Darwin"]
[Black "Tran Tuan Minh"]
[Result "1-0"]
[WhiteElo "2433"]
[BlackElo "2526"]
[EventDate "2019.06.07"]
[PlyCount "69"]

1.d4 Nf6 2.c4 e6 3.Nf3 b6 4.a3 Ba6 5.Qc2 Bb7 6.Nc3 c5 7.e4 cxd4 8.Nxd4 Bc5
9.Nf3 Nc6 10.Bg5 Qc7 11.Rd1 a6 12.Be2 Ng4 13.Bh4 f6 14.Bg3 Nge5 15.b4 Bd6 
16.Nd4 Nxd4 17.Rxd4 O-O 18.Qd2 Be7 19.f4 Ng6 20.Rxd7 Qc6 21.O-O Rfd8 22.
Rd1 a5 23.b5 Rxd7 24.Qxd7 Qxd7 25.Rxd7 Bc8 26.Rd3 a4 27.Bd1 Bb7 28.f5 Bc5+
29.Kf1 Ne5 30.Bxe5 fxe5 31.fxe6 Bd4 32.Nd5 Re8 33.Bg4 Bc8 34.Bh5 Rxe6 35.
Bg4 1-0

[Event "17th Asian-ch"]
[Site "Xingtai CHN"]
[Date "2019.06.11"]
[Round "5.21"]
[White "Xu Yi"]
[Black "Lin Yi"]
[Result "1/2-1/2"]
[WhiteElo "2526"]
[BlackElo "2396"]
[EventDate "2019.06.07"]
[PlyCount "60"]

1.e4 e5 2.Nf3 Nf6 3.Nxe5 d6 4.Nf3 Nxe4 5.d4 d5 6.Bd3 Bf5 7.O-O Be7 8.Ne5 
Nd7 9.Nc3 Nxe5 10.dxe5 Nxc3 11.bxc3 Qd7 12.Bxf5 Qxf5 13.Qxd5 O-O 14.Qxb7 
Qxe5 15.Qc6 Bf6 16.Be3 Qxc3 17.Qxc3 Bxc3 18.Rab1 a6 19.Rb7 Be5 20.g3 Rfd8 
21.f4 Bd4 22.Bxd4 Rxd4 23.Rxc7 Ra4 24.Rb1 Rxa2 25.Rbb7 Rd8 26.Kf2 g6 27.
Ke3 Rf8 28.Ra7 h5 29.Kf3 a5 30.f5 gxf5 1/2-1/2

[Event "17th Asian-ch"]
[Site "Xingtai CHN"]
[Date "2019.06.11"]
[Round "5.22"]
[White "Harshavardhan, G. B."]
[Black "Xu Zhihang"]
[Result "0-1"]
[WhiteElo "2406"]
[BlackElo "2504"]
[EventDate "2019.06.07"]
[PlyCount "78"]

1.d4 Nf6 2.c4 e6 3.Nc3 Bb4 4.Qc2 O-O 5.e4 d5 6.e5 Ne4 7.Bd3 c5 8.Nf3 cxd4 
9.Nxd4 Nd7 10.Bf4 Ndc5 11.O-O Nxd3 12.Qxd3 Bxc3 13.bxc3 b6 14.cxd5 exd5 
15.Rad1 Qh4 16.Bg3 Qh5 17.Nc6 Bb7 18.Nd4 Rac8 19.Rc1 Rc5 20.Nb3 Rc4 21.Nd2
Nxd2 22.Qxd2 Qf5 23.Rce1 Bc8 24.f3 Ra4 25.Qxd5 Be6 26.Qb7 h5 27.Re4 Rxa2 
28.Rf2 Ra5 29.Rd2 Rc8 30.h4 Kh7 31.Re3 Rc4 32.Qb8 Rc8 33.Qb7 Ra4 34.Kh2 
Rcc4 35.Qe7 Ra1 36.Qd8 Rc1 37.Qe7 Qb1 38.Bf2 Rh1+ 39.Kg3 Qg6+ 0-1

[Event "17th Asian-ch"]
[Site "Xingtai CHN"]
[Date "2019.06.11"]
[Round "5.23"]
[White "Ma Zhonghan"]
[Black "Akash, Ganesan"]
[Result "1-0"]
[WhiteElo "2488"]
[BlackElo "2404"]
[EventDate "2019.06.07"]
[PlyCount "61"]

1.d4 Nf6 2.Nf3 g6 3.c4 Bg7 4.g3 O-O 5.Bg2 d6 6.O-O Nbd7 7.Nc3 e5 8.h3 Re8 
9.e4 exd4 10.Nxd4 Nc5 11.Re1 Bd7 12.Bf4 h6 13.Kh2 a5 14.Ndb5 Bxb5 15.cxb5 
Nfd7 16.Qd2 Kh7 17.Rad1 Nb6 18.Qc2 Qf6 19.Be3 Ncd7 20.f4 Rac8 21.e5 dxe5 
22.Bxb7 Rcd8 23.Bc6 Re6 24.f5 gxf5 25.Rf1 Qe7 26.Ne4 Rg6 27.Qd3 Qe6 28.g4 
Nc4 29.Bd5 Nxe3 30.Bxe6 fxe6 31.Qxe3 1-0

[Event "17th Asian-ch"]
[Site "Xingtai CHN"]
[Date "2019.06.11"]
[Round "5.24"]
[White "Sadhwani, Raunak"]
[Black "Rahul Srivatshav, P."]
[Result "1/2-1/2"]
[WhiteElo "2482"]
[BlackElo "2395"]
[EventDate "2019.06.07"]
[PlyCount "85"]

1.c4 Nf6 2.Nc3 g6 3.e4 d6 4.d4 Bg7 5.Be2 O-O 6.Be3 c5 7.d5 e6 8.Nf3 exd5 
9.cxd5 Bg4 10.Nd2 Bxe2 11.Qxe2 Na6 12.O-O Re8 13.f3 Nc7 14.Kh1 b5 15.a4 a6
16.Qf2 Nd7 17.Bf4 Ne5 18.Bxe5 Bxe5 19.Nb3 Qf6 20.Qc2 Qh4 21.g4 h5 22.gxh5 
Kg7 23.Rf2 b4 24.f4 c4 25.Na5 Bd4 26.Rd2 Bxc3 27.bxc3 b3 28.Qb1 Qxf4 29.
Nxc4 Rxe4 30.Nxd6 Re7 31.hxg6 fxg6 32.Nc4 Qxc4 33.Rg2 Re4 34.Qg1 Qxd5 35.
Rd1 Qe6 36.Rxg6+ Qxg6 37.Rd7+ Kf6 38.Qf2+ Ke6 39.Rxc7 Qg8 40.Qb6+ Kf5 41.
Qf2+ Ke6 42.Qb6+ Kf5 43.Qf2+ 1/2-1/2

[Event "17th Asian-ch"]
[Site "Xingtai CHN"]
[Date "2019.06.11"]
[Round "5.25"]
[White "Li Di"]
[Black "Amartuvshin, Ganzorig"]
[Result "1/2-1/2"]
[WhiteElo "2535"]
[BlackElo "2394"]
[EventDate "2019.06.07"]
[PlyCount "99"]

1.d4 Nf6 2.c4 g6 3.Nc3 Bg7 4.e4 d6 5.Nf3 O-O 6.Be2 Na6 7.O-O e5 8.Be3 Ng4 
9.Bg5 Qe8 10.h3 exd4 11.Nd5 f6 12.Bf4 d3 13.Bxd3 Ne5 14.Re1 c6 15.Nc3 Qf7 
16.Be2 Be6 17.b3 Nxf3+ 18.Bxf3 f5 19.e5 Rad8 20.Qe2 dxe5 21.Bxe5 Rfe8 22.
Bxg7 Qxg7 23.Rad1 Rxd1 24.Nxd1 Nc5 25.Qd2 Qd7 26.Qc3 Bf7 27.Rxe8+ Bxe8 28.
Qe5 Nd3 29.Qe3 a6 30.Nc3 Bf7 31.h4 Nb4 32.Qe5 Qe8 33.Qxe8+ Bxe8 34.Kf1 Kf7
35.Ke2 Kf6 36.Kd2 a5 37.a3 Na6 38.Na4 Ke5 39.Kc3 b5 40.cxb5 cxb5 41.Nb2 
Nc5 42.Nd3+ Nxd3 43.Kxd3 Bf7 44.Kc3 Bd5 45.Bxd5 Kxd5 46.Kd3 a4 47.bxa4 
bxa4 48.Kc3 Kc5 49.Kd3 Kd5 50.Kc3 1/2-1/2

[Event "17th Asian-ch"]
[Site "Xingtai CHN"]
[Date "2019.06.11"]
[Round "5.26"]
[White "Kojima, Shinya"]
[Black "Dai Changren"]
[Result "1/2-1/2"]
[WhiteElo "2400"]
[BlackElo "2480"]
[EventDate "2019.06.07"]
[PlyCount "65"]

1.Nf3 Nf6 2.c4 g6 3.d4 Bg7 4.g3 O-O 5.Bg2 d6 6.O-O Nc6 7.Nc3 Bd7 8.b3 e5 
9.dxe5 dxe5 10.Bg5 Qc8 11.Nd5 Nxd5 12.cxd5 Nd8 13.Rc1 f5 14.Nd2 Nf7 15.Be3
e4 16.f3 exf3 17.exf3 Re8 18.Bf2 Bb5 19.Re1 Rxe1+ 20.Bxe1 Qd7 21.f4 Bb2 
22.Rc2 Bd4+ 23.Kh1 Re8 24.Nc4 Qe7 25.Ba5 Bc5 26.Bf3 Bxc4 27.bxc4 b6 28.Bc3
Qe3 29.Kg2 Kf8 30.Bf6 Qe1 31.Re2 Qxd1 32.Rxe8+ Kxe8 33.Bxd1 1/2-1/2

[Event "17th Asian-ch"]
[Site "Xingtai CHN"]
[Date "2019.06.11"]
[Round "5.27"]
[White "Zhang Ziji"]
[Black "Gomez, John Paul"]
[Result "1/2-1/2"]
[WhiteElo "2408"]
[BlackElo "2467"]
[EventDate "2019.06.07"]
[PlyCount "32"]

1.d4 d5 2.c4 c6 3.Nc3 dxc4 4.e3 b5 5.a4 b4 6.Ne4 Qd5 7.Nd2 Ba6 8.Qc2 c5 9.
Be2 Nc6 10.Bf3 Qd7 11.Nxc4 Rc8 12.dxc5 e6 13.Ne2 Bxc5 14.O-O Bxc4 15.Qxc4 
Ne5 16.Qe4 Nxf3+ 1/2-1/2

[Event "17th Asian-ch"]
[Site "Xingtai CHN"]
[Date "2019.06.11"]
[Round "5.28"]
[White "Zhao Chenxi"]
[Black "Chen Qi"]
[Result "1-0"]
[WhiteElo "2383"]
[BlackElo "2453"]
[EventDate "2019.06.07"]
[PlyCount "97"]

1.e4 e5 2.Nf3 Nc6 3.Bb5 Nf6 4.d3 Bc5 5.Nbd2 d6 6.O-O O-O 7.c3 a6 8.Bxc6 
bxc6 9.d4 exd4 10.cxd4 Bb6 11.Qc2 Re8 12.e5 dxe5 13.dxe5 Nd5 14.Qxc6 Bf5 
15.Qa4 Qe7 16.Nc4 Bc5 17.Bg5 Qe6 18.Rfc1 h6 19.Be3 Nxe3 20.Nxe3 Bxe3 21.
fxe3 Bd3 22.Re1 Qb6 23.Qd4 Rad8 24.Qxb6 cxb6 25.Red1 Be4 26.Rd4 Rxd4 27.
exd4 Rd8 28.Rd1 g5 29.Kf2 f6 30.exf6 Kf7 31.Ke3 Bd5 32.Ne5+ Kxf6 33.g3 Ke6
34.Rc1 Kd6 35.a3 Rf8 36.Ke2 h5 37.b4 Re8 38.Kd2 Rf8 39.Ke3 Rg8 40.Rf1 Ke7 
41.Rf5 Be6 42.Nc6+ Kd6 43.Rf6 Re8 44.Ne5 Rc8 45.Nf3 Ke7 46.Rh6 Rc3+ 47.Ke4
a5 48.Nxg5 Bc8 49.Ke5 1-0

[Event "17th Asian-ch"]
[Site "Xingtai CHN"]
[Date "2019.06.11"]
[Round "5.29"]
[White "Huang Renjie"]
[Black "Torre, Eugenio"]
[Result "1-0"]
[WhiteElo "2327"]
[BlackElo "2451"]
[EventDate "2019.06.07"]
[PlyCount "64"]

1.e4 c5 2.Nf3 Nc6 3.Bb5 d6 4.O-O Bd7 5.Re1 a6 6.Bxc6 Bxc6 7.d4 cxd4 8.Nxd4
e6 9.c4 Rc8 10.b3 Nf6 11.Nc3 Be7 12.Bb2 O-O 13.Rc1 Re8 14.Qd3 Qa5 15.Qg3 
Nh5 16.Qf3 Qg5 17.Nxc6 Rxc6 18.Rcd1 Nf6 19.Bc1 Qa5 20.Bd2 Qc7 21.Bg5 Rc5 
22.Be3 Ra5 23.Bd4 Nd7 24.Qd3 Rh5 25.f4 Rb8 26.Qf3 g6 27.g4 Ra5 28.a4 e5 
29.Nd5 Qd8 30.fxe5 dxe5 31.Be3 Bc5 32.Rf1 Qe8 1-0

[Event "17th Asian-ch"]
[Site "Xingtai CHN"]
[Date "2019.06.11"]
[Round "5.30"]
[White "Battulga, Namkhai"]
[Black "Xu Minghui"]
[Result "0-1"]
[WhiteElo "2425"]
[BlackElo "2368"]
[EventDate "2019.06.07"]
[PlyCount "76"]

1.e4 e5 2.Nf3 Nc6 3.Bc4 Bc5 4.c3 Nf6 5.d4 exd4 6.e5 d5 7.Bb5 Ne4 8.cxd4 
Bb6 9.Nc3 O-O 10.h3 Bd7 11.Bd3 Bf5 12.Be3 f6 13.exf6 Nxc3 14.bxc3 Qxf6 15.
O-O Rae8 16.Re1 h6 17.Bxf5 Qxf5 18.Nh4 Qf6 19.Qh5 Ne7 20.Nf3 Qf5 21.Qxf5 
Nxf5 22.Ne5 Ba5 23.Rec1 c5 24.Nd7 Rf7 25.Ne5 Rfe7 26.Ng6 Re4 27.Rab1 cxd4 
28.cxd4 Nxe3 29.fxe3 Bd2 30.Rc7 Bxe3+ 31.Kh1 Bxd4 32.Rbxb7 Bf6 33.Rc6 Rd8 
34.Rxf6 gxf6 35.Ne7+ Kf8 36.Nf5 d4 37.Rb4 Re1+ 38.Kh2 d3 0-1

[Event "17th Asian-ch"]
[Site "Xingtai CHN"]
[Date "2019.06.11"]
[Round "5.31"]
[White "Garcia, Jan Emmanuel"]
[Black "Quizon, Daniel"]
[Result "1-0"]
[WhiteElo "2413"]
[BlackElo "2351"]
[EventDate "2019.06.07"]
[PlyCount "71"]

1.e4 c5 2.Nf3 d6 3.c3 Nf6 4.Bd3 g6 5.O-O Bg7 6.Bc2 O-O 7.d4 cxd4 8.cxd4 
Nc6 9.h3 Nb4 10.Bb3 d5 11.e5 Ne4 12.Bf4 Bf5 13.Nh4 Bc8 14.f3 e6 15.fxe4 
dxe4 16.Qe1 a5 17.Be3 f5 18.Nc3 Kh8 19.Qg3 b5 20.a4 bxa4 21.Nxa4 Nd3 22.
Qg5 Qe8 23.Bc4 Nb4 24.Nc5 Ba6 25.Bxa6 Nxa6 26.Nb7 Nb4 27.Nd6 Qd7 28.Rf4 
Qd8 29.Nxg6+ hxg6 30.Qxg6 Nd5 31.Qh5+ Kg8 32.Rh4 Qxh4 33.Qxh4 Nxe3 34.Qe7 
Nc2 35.Qxe6+ Kh8 36.Rf1 1-0

[Event "17th Asian-ch"]
[Site "Xingtai CHN"]
[Date "2019.06.11"]
[Round "5.32"]
[White "Hasan Parag, Mehdi"]
[Black "Bai, Adelard"]
[Result "1/2-1/2"]
[WhiteElo "2204"]
[BlackElo "2074"]
[EventDate "2019.06.07"]
[PlyCount "78"]

1.e4 e5 2.Nf3 Nc6 3.Bc4 Nf6 4.d3 Be7 5.O-O O-O 6.Re1 d6 7.a4 Kh8 8.a5 a6 
9.Nc3 Ng8 10.Nd5 f5 11.h3 fxe4 12.dxe4 Bf6 13.c3 Nce7 14.b4 Nxd5 15.Bxd5 
Ne7 16.Bc4 Ng6 17.Bf1 Be6 18.c4 Qe7 19.Ra3 Nh4 20.Ree3 Rf7 21.b5 c6 22.
bxc6 bxc6 23.Reb3 Raf8 24.Rb6 Nxf3+ 25.Rxf3 Bh4 26.Rxf7 Qxf7 27.f3 Bxc4 
28.Be3 Bxf1 29.Qxf1 d5 30.Bc5 Be7 31.Bxe7 Qxe7 32.exd5 cxd5 33.Qxa6 e4 34.
fxe4 Qc5+ 35.Kh2 Qc7+ 36.Rd6 Qf7 37.Rxd5 Qf4+ 38.Kh1 Qc1+ 39.Kh2 Qf4+ 
1/2-1/2

[Event "17th Asian-ch"]
[Site "Xingtai CHN"]
[Date "2019.06.11"]
[Round "5.33"]
[White "Peng Hongchi"]
[Black "Bilguun, Sumiya"]
[Result "1/2-1/2"]
[WhiteElo "2370"]
[BlackElo "2478"]
[EventDate "2019.06.07"]
[PlyCount "49"]

1.e4 d5 2.exd5 Qxd5 3.Nc3 Qa5 4.Nf3 Nf6 5.Bc4 Bf5 6.d3 e6 7.Bd2 Bb4 8.a3 
Bxc3 9.Bxc3 Qb6 10.Qd2 Nbd7 11.h3 Bg6 12.O-O O-O 13.Rfe1 Qd6 14.Qg5 Rfe8 
15.Re2 Nd5 16.Bxd5 exd5 17.Rae1 Rxe2 18.Rxe2 f6 19.Qg4 Nf8 20.Nh4 Qd7 21.
Nxg6 hxg6 22.Bb4 Qxg4 23.hxg4 a5 24.Bxf8 Kxf8 25.f4 1/2-1/2

[Event "17th Asian-ch"]
[Site "Xingtai CHN"]
[Date "2019.06.11"]
[Round "5.34"]
[White "Srijit, Paul"]
[Black "Wang Shixu"]
[Result "1/2-1/2"]
[WhiteElo "2361"]
[BlackElo "2392"]
[EventDate "2019.06.07"]
[PlyCount "81"]

1.e4 e5 2.Nf3 Nc6 3.Bb5 Nf6 4.d3 d6 5.c3 Bd7 6.Ba4 g6 7.h3 Bg7 8.g4 Qe7 9.
Be3 O-O 10.Nbd2 Rab8 11.Nf1 b5 12.Bb3 a5 13.Ng3 a4 14.Bc2 d5 15.g5 Nh5 16.
Nxh5 gxh5 17.exd5 Nd4 18.Nd2 c6 19.cxd4 exd4 20.d6 Qe6 21.Ne4 dxe3 22.fxe3
c5 23.Qxh5 Bc6 24.O-O Bxe4 25.dxe4 Qe5 26.Rf2 a3 27.Raf1 axb2 28.Kh1 Rfd8 
29.Bb1 Rxd6 30.Rf5 Qe7 31.Rxc5 Rd1 32.Rxd1 Qxc5 33.e5 Rc8 34.Qxh7+ Kf8 35.
Qf5 Qc6+ 36.Kg1 Qe6 37.Qxe6 fxe6 38.h4 Rc4 39.Rf1+ Kg8 40.Rf4 Rc1+ 41.Rf1 
1/2-1/2

[Event "17th Asian-ch"]
[Site "Xingtai CHN"]
[Date "2019.06.11"]
[Round "5.35"]
[White "Song Yuxin"]
[Black "Chu Wei Chao"]
[Result "1/2-1/2"]
[WhiteElo "2308"]
[BlackElo "2374"]
[EventDate "2019.06.07"]
[PlyCount "73"]

1.d4 d5 2.Nf3 e6 3.g3 Nf6 4.Bg2 Be7 5.O-O O-O 6.c4 dxc4 7.Qc2 b5 8.a4 b4 
9.Nbd2 Bb7 10.Nxc4 Nbd7 11.b3 Be4 12.Qd2 c5 13.Bb2 Qc7 14.Rac1 Rfd8 15.
Rfd1 Rac8 16.Qe1 Qb7 17.Qf1 Qa6 18.Nfd2 Bxg2 19.Qxg2 h6 20.Ne4 Nb6 21.e3 
Nxc4 22.Rxc4 cxd4 23.Rxc8 Qxc8 24.Rc1 Qd7 25.exd4 Nxe4 26.Qxe4 Bf6 27.Rc4 
a5 28.h4 Qd6 29.Rc6 Qd5 30.Qxd5 Rxd5 31.Rc4 g5 32.hxg5 Bxg5 33.Rc8+ Bd8 
34.Kf1 Kf8 35.Rc5 Bf6 36.Rxd5 exd5 37.f4 1/2-1/2

[Event "17th Asian-ch"]
[Site "Xingtai CHN"]
[Date "2019.06.11"]
[Round "5.36"]
[White "Winkelman, Albert"]
[Black "Chan Kim Yew"]
[Result "1/2-1/2"]
[WhiteElo "2176"]
[BlackElo "2293"]
[EventDate "2019.06.07"]
[PlyCount "64"]

1.e4 c5 2.Nf3 Nc6 3.d4 cxd4 4.Nxd4 Nf6 5.Nc3 d6 6.Bg5 e6 7.f4 Bd7 8.Qd2 a6
9.O-O-O b5 10.Bxf6 gxf6 11.Nxc6 Bxc6 12.Bd3 b4 13.Ne2 Qb6 14.Ng3 Qc5 15.
Rdf1 h5 16.Re1 h4 17.Ne2 Rg8 18.Rhg1 d5 19.exd5 Qxd5 20.g3 hxg3 21.Nxg3 
Bc5 22.Ne4 Ke7 23.Nxc5 Qxc5 24.Rg3 Rad8 25.Rd1 Rxg3 26.hxg3 Bb5 27.f5 e5 
28.g4 Rd4 29.Qe3 Qd5 30.g5 fxg5 31.Qxg5+ f6 32.Qg7+ Qf7 1/2-1/2

[Event "17th Asian-ch"]
[Site "Xingtai CHN"]
[Date "2019.06.12"]
[Round "6.1"]
[White "Karthikeyan, Murali"]
[Black "Adhiban, Baskaran"]
[Result "1-0"]
[WhiteElo "2593"]
[BlackElo "2676"]
[EventDate "2019.06.07"]
[PlyCount "71"]

1.e4 e5 2.Nf3 Nc6 3.Bb5 a6 4.Bxc6 dxc6 5.Nc3 f6 6.d3 Ne7 7.Be3 Ng6 8.Qe2 
c5 9.Nd2 Be6 10.a4 Qd7 11.g3 O-O-O 12.a5 h5 13.h4 Bd6 14.f3 Qc6 15.Nc4 Nf8
16.Nxd6+ Qxd6 17.Qf2 Nd7 18.Na4 c4 19.dxc4 Bxc4 20.b3 Bb5 21.Nc3 Qb4 22.
Bd2 Qd4 23.Qxd4 exd4 24.Nd5 Rde8 25.Bf4 Ne5 26.Kf2 c5 27.Rad1 f5 28.exf5 
Nxf3 29.Kxf3 Be2+ 30.Kf2 Bxd1 31.Rxd1 Rhf8 32.f6 gxf6 33.Bd6 Rf7 34.Nb6+ 
Kd8 35.Bxc5 Kc7 36.Rxd4 1-0

[Event "17th Asian-ch"]
[Site "Xingtai CHN"]
[Date "2019.06.12"]
[Round "6.2"]
[White "Sethuraman, Panayapan"]
[Black "Zhumabaev, Rinat"]
[Result "1-0"]
[WhiteElo "2613"]
[BlackElo "2625"]
[EventDate "2019.06.07"]
[PlyCount "107"]

1.e4 e5 2.Nf3 Nc6 3.Bc4 Nf6 4.d3 Be7 5.O-O O-O 6.Re1 d6 7.a4 Kh8 8.h3 Ng8 
9.Nc3 f5 10.Nd5 fxe4 11.dxe4 Qd7 12.a5 a6 13.b4 Bd8 14.Ra3 Qe8 15.Nh2 Be6 
16.Bd2 Nf6 17.Nxf6 Bxf6 18.Bxe6 Qxe6 19.Qb1 Rad8 20.Nf3 Be7 21.Rd3 Qc4 22.
Qb3 d5 23.Rxd5 Qxb3 24.cxb3 Rxd5 25.exd5 Nxb4 26.Rxe5 Bd6 27.Rg5 h6 28.Rh5
Rd8 29.Ng5 Rd7 30.Ne4 Nxd5 31.Rxd5 Bh2+ 32.Kxh2 Rxd5 33.b4 b6 34.Kg3 Kg8 
35.Kf4 Kf7 36.g4 Ke6 37.Ke3 g6 38.f4 bxa5 39.bxa5 c5 40.Bc3 c4 41.Nf2 Kf7 
42.Ke4 Ke6 43.Be1 h5 44.Bc3 h4 45.Be1 Rb5 46.Kd4 Rb1 47.Bd2 c3 48.Bxc3 Rf1
49.Ke3 Kd5 50.f5 gxf5 51.gxf5 Rc1 52.Ne4 Rh1 53.Ng5 Rc1 54.Bg7 1-0

[Event "17th Asian-ch"]
[Site "Xingtai CHN"]
[Date "2019.06.12"]
[Round "6.3"]
[White "Le Quang Liem"]
[Black "Lalith Babu, Musunuri Rohit"]
[Result "1-0"]
[WhiteElo "2694"]
[BlackElo "2571"]
[EventDate "2019.06.07"]
[PlyCount "87"]

1.e4 e5 2.Nf3 Nc6 3.Bb5 a6 4.Ba4 Nf6 5.O-O Nxe4 6.d4 b5 7.Bb3 d5 8.dxe5 
Be6 9.Nbd2 Be7 10.c3 Nc5 11.Bc2 d4 12.Nb3 d3 13.Bb1 Nxb3 14.axb3 Bf5 15.
Re1 O-O 16.Be3 Qd5 17.Bd4 Rfd8 18.h4 Bg4 19.Qxd3 g6 20.b4 Bf5 21.Qe2 Bxb1 
22.Raxb1 Bxb4 23.Rbd1 Be7 24.Bb6 Qe6 25.Bxc7 Rd7 26.Rxd7 Qxd7 27.Bb6 Qb7 
28.Qe3 Nd8 29.Bc5 Bxc5 30.Qxc5 Ne6 31.Qe3 Rd8 32.h5 a5 33.Ng5 Qd5 34.h6 a4
35.Nxe6 Qxe6 36.g3 Qh3 37.Qb6 Rf8 38.Qe3 Rd8 39.Qg5 Re8 40.Rd1 Kf8 41.Qf6 
Qxh6 42.e6 Qg7 43.e7+ Kg8 44.Qc6 1-0

[Event "17th Asian-ch"]
[Site "Xingtai CHN"]
[Date "2019.06.12"]
[Round "6.5"]
[White "Lu Shanglei"]
[Black "Xu Xiangyu"]
[Result "1/2-1/2"]
[WhiteElo "2624"]
[BlackElo "2583"]
[EventDate "2019.06.07"]
[PlyCount "36"]

1.e4 e5 2.Bc4 Nf6 3.d3 c6 4.Nf3 d5 5.Bb3 Qc7 6.O-O a5 7.a4 dxe4 8.Ng5 Bg4 
9.Qe1 Bh5 10.Nxe4 Nxe4 11.Qxe4 Bg6 12.Qe2 Bc5 13.h4 h5 14.Nc3 Nd7 15.Ne4 
Be7 16.Bg5 f6 17.Be3 O-O-O 18.Be6 Kb8 1/2-1/2

[Event "17th Asian-ch"]
[Site "Xingtai CHN"]
[Date "2019.06.12"]
[Round "6.6"]
[White "Gupta, Abhijeet"]
[Black "Praggnanandhaa, Rameshbabu"]
[Result "1-0"]
[WhiteElo "2606"]
[BlackElo "2537"]
[EventDate "2019.06.07"]
[PlyCount "83"]

1.d4 Nf6 2.c4 e6 3.Nf3 d5 4.g3 Be7 5.Bg2 O-O 6.Nc3 dxc4 7.Ne5 Nc6 8.Bxc6 
bxc6 9.Nxc6 Qe8 10.Nxe7+ Qxe7 11.Qa4 c5 12.dxc5 Qxc5 13.Be3 Qc7 14.O-O-O 
a5 15.Rd4 Rb8 16.Rhd1 e5 17.Rd6 Be6 18.Rc6 Qb7 19.Rb6 Qa8 20.f3 Rxb6 21.
Bxb6 Qb7 22.Qxa5 Nd7 23.Qa7 Qc6 24.Ba5 Ra8 25.Qc7 Qa6 26.Bb4 Qa7 27.Qxa7 
Rxa7 28.Rd6 Rb7 29.a3 Rb6 30.Kc2 f6 31.Rxb6 Nxb6 32.a4 Nd5 33.Bc5 Nc7 34.
Bd6 Na6 35.Nb5 Kf7 36.Kc3 h5 37.a5 g5 38.Ba3 Bd5 39.e4 Bc6 40.Kxc4 Ke6 41.
Nc3 f5 42.b4 1-0